Indian medicinal plants : (Record no. 3839)
[ view plain ]
| 000 -LEADER | |
|---|---|
| fixed length control field | 00858nam a2200289Ia 4500 |
| 001 - CONTROL NUMBER | |
| control field | 3839 |
| 003 - CONTROL NUMBER IDENTIFIER | |
| control field | BD-DhEWU |
| 005 - DATE AND TIME OF LATEST TRANSACTION | |
| control field | 20190227153815.0 |
| 008 - FIXED-LENGTH DATA ELEMENTS--GENERAL INFORMATION | |
| fixed length control field | 110604s1999 ii g 000 0 eng d |
| 035 ## - SYSTEM CONTROL NUMBER | |
| System control number | (OCoLC) |
| 040 ## - CATALOGING SOURCE | |
| Original cataloging agency | BD-DhEWU |
| Modifying agency | BD-DhEWU |
| Language of cataloging | eng |
| Transcribing agency | BD-DhEWU |
| 041 ## - LANGUAGE CODE | |
| Language code of text/sound track or separate title | ENG |
| 082 04 - DEWEY DECIMAL CLASSIFICATION NUMBER | |
| Classification number | 615.32154 |
| Item number | KII 1999 |
| 100 1# - MAIN ENTRY--PERSONAL NAME | |
| Personal name | Kiritikar, K.R. |
| 9 (RLIN) | 18070 |
| 245 10 - TITLE STATEMENT | |
| Title | Indian medicinal plants : |
| Remainder of title | plates / |
| 260 ## - PUBLICATION, DISTRIBUTION, ETC. (IMPRINT) | |
| Place of publication, distribution, etc | Dehra Dun : |
| Name of publisher, distributor, etc | International Book Distributors, |
| Date of publication, distribution, etc | c1999. |
| 300 ## - PHYSICAL DESCRIPTION | |
| Extent | 4, Plates 268 to 514 p. : |
| Other physical details | ill. ; |
| Dimensions | 28 cm. |
| 500 ## - GENERAL NOTE | |
| General note | Library has Plates Vol. I, III-IV & Text Vol. I-IV |
| 526 ## - STUDY PROGRAM INFORMATION NOTE | |
| Program name | Pharmacy |
| 590 ## - LOCAL NOTE (RLIN) | |
| Local note | Tahur Ahmed |
| 653 #1 - INDEX TERM--UNCONTROLLED | |
| Uncontrolled term | Drugs, Medicinal plants |
| Uncontrolled term | Pharmacy |
| 700 ## - ADDED ENTRY--PERSONAL NAME | |
| Personal name | Basu, B.D. |
| 9 (RLIN) | 18071 |
| 942 ## - ADDED ENTRY ELEMENTS (KOHA) | |
| Koha item type | Ref. |
| Source of classification or shelving scheme | Dewey Decimal Classification |
| 953 ## - Fulltext in GSDL | |
| Is Fulltext Available in GSDL? | Not Avaialable |
| Withdrawn status | Lost status | Source of classification or shelving scheme | Materials specified (bound volume or other part) | Damaged status | Not for loan | Collection code | Home library | Current library | Shelving location | Date acquired | Source of acquisition | Cost, normal purchase price | Total Checkouts | Full call number | Barcode | Copy number | Koha item type |
|---|---|---|---|---|---|---|---|---|---|---|---|---|---|---|---|---|---|
| Dewey Decimal Classification | V-2 | Not For Loan | Non-fiction | Dr. S. R. Lasker Library, EWU | Dr. S. R. Lasker Library, EWU | Reference Section | 03/01/2005 | Parash Publishers | 6250.00 | 615.32154 KII 1999 | 14653 | C-1 | Ref. |